Historical Aspects of the Development of Accounting in the World Monograph

Salvato in:
Dettagli Bibliografici
Autore principale: Lehenchuk, Serhii
Altri autori: Serpeninova, Yuliia, 1984-, Kryvytska, Olha, Karešová, Tatiana, Petruk, O.M, Pulupenko, L.M
Natura: Libro
Lingua:inglese
Pubblicazione: Bratislava Slovenská komora certifikovaných účtovníkov 2023
Edizione:1st Edition
Soggetti:
Tags: Aggiungi Tag
Nessun Tag, puoi essere il primo ad aggiungerne!!

MARC

LEADER 00000nam a2200000 4500
001 0291541
005 20240502074458.6
020 |a 978-80-974151-4-3 
041 0 |a eng 
044 |a SK 
245 1 0 |a Historical Aspects of the Development of Accounting in the World  |b Monograph  |c Serhii Lehenchuk, Yuliia Serpeninova, Olha Kryvytska ; Responsible Editor: Tatjana Karešová 
250 |a 1st Edition 
264 1 |a Bratislava  |b Slovenská komora certifikovaných účtovníkov  |c 2023 
300 |a 165 s. [12,22 AH] 
610 2 0 |a účtovníctvo 
610 2 0 |a účtovanie 
610 2 0 |a história 
610 2 0 |a dejiny 
610 2 0 |a prípady účtovné 
610 2 0 |a metódy účtovné 
610 2 0 |a výkazy účtovné 
610 2 0 |a štandardy účtovné medzinárodné 
610 2 0 |a štandardy účtovné americké 
100 1 |a Lehenchuk, Serhii 
700 1 |a Serpeninova, Yuliia, 1984- 
700 1 |a Kryvytska, Olha 
700 1 |a Karešová, Tatiana 
700 1 |a Petruk, O.M. 
700 1 |a Pulupenko, L.M.